La France au temps de Louis XIV /

Bibliographic Details
Other Authors: Goimard, Jacques
Format: Book
Language:French
Published: [Paris] : Hachette, [1965]
Series:Collection Ages d'or et réalités ; 4.
Subjects:

MARC

Tag First Indicator Second Indicator Subfields
LEADER 00000cam a2200000M 4500
001 in00002042002
005 20151101061352.0
008 730514s1965 fr abch 000 0 fre d
035 |a (OCoLC)ocm38706459 
040 |a STF  |c STF  |d OCL  |d B2Q  |d TXA  |d UtOrBLW 
043 |a e-fr--- 
049 |a TXAM 
090 |a DC125  |b .F73 1965 
245 0 3 |a La France au temps de Louis XIV /  |c [collection dirigée par Jacques Goimard]. 
264 1 |a [Paris] :  |b Hachette,  |c [1965] 
300 |a 274 pages :  |b illustrations (part mounted color), facsimiles, maps, portraits, genealogical table. ;  |c 25 cm. 
336 |a text  |b txt  |2 rdacontent 
337 |a unmediated  |b n  |2 rdamedia 
338 |a volume  |b nc  |2 rdacarrier 
490 1 |a Collection Ages d'or et réalités,  |v 4 
651 0 |a France  |x History  |y Louis XIV, 1643-1715. 
651 0 |a France  |x Social life and customs. 
600 0 0 |a Louis  |b XIV,  |c King of France,  |d 1638-1715. 
651 6 |a France  |x Histoire  |y 1643-1715 (Louis XIV) 
700 1 |a Goimard, Jacques. 
830 0 |a Collection Ages d'or et réalités ;  |v 4. 
948 |a cataloged  |b h  |c 2005/9/9  |d c  |e jgreene  |f 5:27:18 pm 
994 |a C0  |b TXA 
999 |a MARS 
999 f f |s 58bfcd25-51a3-347b-8650-3cb46ee05ccb  |i c0bb2d83-74a2-3aec-9762-b1702a59212c  |t 0 
952 f f |p ric  |a Texas A&M University  |b Rellis Campus  |c Joint Library Facility  |d Remote Storage  |t 0  |e DC125 .F73 1965  |h Library of Congress classification  |i unmediated -- volume  |m A14832916983 
998 f f |a DC125 .F73 1965  |t 0  |l Remote Storage